[Event "C.to Provinciale AN"]
[Site "Castelfidardo ITA"]
[Date "2002.01.26"]
[Round "1"]
[White "Badiali, Giosue'"]
[Black "Mircoli, Filippo"]
[WhiteElo "1663"]
[BlackElo "1555"]
[Result "1-0"]
[PlyCount "115"]
[EventDate "2002.01.26"]

1. d4 Nf6 2. c4 e6 3. Bg5 h6 4. Bh4 Bb4+ 5. Nc3 c5 6. a3 Bxc3+ 7. bxc3 O-O 8.
Nf3 d6 9. dxc5 dxc5 10. Qxd8 Rxd8 11. Bxf6 gxf6 12. Nd2 b6 13. e3 Bb7 14. Be2
Nc6 15. a4 Ne5 16. a5 Nd3+ 17. Bxd3 Rxd3 18. Nb1 Kh7 19. Ke2 Rad8 20. axb6 axb6
21. f3 e5 22. Ra7 R3d7 23. Ra2 Rg8 24. g3 h5 25. e4 Rg5 26. Rd1 Rxd1 27. Kxd1
Rg8 28. Ra7 Rd8+ 29. Ke2 Rd7 30. Na3 Kg6 31. Nc2 f5 32. exf5+ Kxf5 33. Ke3 Ke6
34. Na3 f5 35. Nb5 Ke7 36. h3 Ke6 37. Ra1 Rg7 38. Kf2 Rd7 39. Ke3 e4 40. fxe4
fxe4 41. Ke2 Rd3 42. Rg1 Bc6 43. Na7 Kd7 44. Rd1 Rxd1 45. Kxd1 Ba4+ 46. Kd2 Ke6
47. Ke3 Bc2 48. Nc8 Ke5 49. Nxb6 Bd3 50. Na4 Kd6 51. Nb2 Bb1 52. Nd1 Ke5 53.
Nf2 Bc2 54. g4 hxg4 55. Nxg4+ Kf5 56. Nf2 Bb3 57. Nxe4 Bxc4 58. Nd6+ 1-0

[Event "C.to Provinciale AN"]
[Site "Castelfidardo ITA"]
[Date "2002.01.26"]
[Round "1"]
[White "Baleani, Emanuele"]
[Black "Bonoli, Luciano"]
[WhiteElo "1569"]
[BlackElo "1702"]
[Result "1/2-1/2"]
[PlyCount "114"]
[EventDate "2002.01.26"]

1. e4 g6 2. d4 Bg7 3. Nf3 d6 4. Be2 Nf6 5. Nc3 O-O 6. O-O c6 7. Be3 Nbd7 8. Qd2
Ng4 9. Bf4 e5 10. Bg5 Ngf6 11. Rad1 Qa5 12. a3 Re8 13. dxe5 Nxe5 14. Nxe5 dxe5
15. Bc4 Bg4 16. Be2 Rad8 17. Qe3 Bxe2 18. Qxe2 Rd4 19. Qf3 Re6 20. h3 h6 21.
Be3 Rdd6 22. Rxd6 Rxd6 23. Rd1 Re6 24. Rd3 Qc7 25. Qd1 b6 26. Qd2 Kh7 27. f3
Bf8 28. b4 Rd6 29. Rxd6 Qxd6 30. Bxh6 Qxd2 31. Bxd2 a5 32. Na4 axb4 33. axb4
Nd7 34. c4 b5 35. cxb5 cxb5 36. Nb2 Nb8 37. Nd3 Nc6 38. Kf2 f6 39. g3 Kg7 40.
f4 exf4 41. gxf4 Kf7 42. Kf3 Bh6 43. Bc3 Bf8 44. Kg4 Ne7 45. h4 Bg7 46. f5
gxf5+ 47. exf5 Bh6 48. Kf3 Nxf5 49. Kg4 Ne3+ 50. Kh5 Bf8 51. Nc5 Nd5 52. Ne4
Bxb4 53. Bxb4 Nxb4 54. Nd6+ Kg7 55. Nxb5 Nd5 56. Nd6 Kh7 57. Kg4 Ne7 1/2-1/2

[Event "C.to Provinciale AN"]
[Site "Castelfidardo ITA"]
[Date "2002.01.26"]
[Round "1"]
[White "Marconi, Andrea"]
[Black "Morici, Marco"]
[WhiteElo "1477"]
[BlackElo "1612"]
[Result "1-0"]
[PlyCount "94"]
[EventDate "2002.01.26"]

1. Nf3 b6 2. b3 Bb7 3. e3 Nf6 4. Bb2 g6 5. d4 Bg7 6. Nbd2 O-O 7. Be2 d6 8. O-O
c5 9. c4 cxd4 10. Nxd4 Nbd7 11. Bf3 Bxf3 12. N2xf3 Nc5 13. Ne2 Qc7 14. Qc2 Rad8
15. Rad1 Na6 16. a3 b5 17. Rc1 bxc4 18. Qxc4 Qxc4 19. Rxc4 Nc5 20. b4 Ne6 21.
Rfc1 Rb8 22. a4 Nc5 23. Bxf6 Nd3 24. Rd1 Nxb4 25. Bxe7 Rfe8 26. Bh4 d5 27. Rc7
a5 28. Ned4 Rec8 29. Bg3 Rxc7 30. Bxc7 Ra8 31. g3 Bf8 32. Nb5 Kg7 33. Ne5 f6
34. Nd7 Be7 35. Nb6 Ra6 36. Nxd5 Bc5 37. Nxb4 axb4 38. Bd6 Bxd6 39. Nxd6 Rxa4
40. Rb1 Ra6 41. Nc4 Kf7 42. Rxb4 h5 43. Kg2 Rc6 44. h4 Kg7 45. f4 Rc7 46. Kf3
Rd7 47. Rb6 Kh7 1-0

[Event "C.to Provinciale AN"]
[Site "Castelfidardo ITA"]
[Date "2002.01.26"]
[Round "1"]
[White "Padovani, Alessio"]
[Black "Ragnini, Damiano"]
[WhiteElo "1725"]
[BlackElo "1600"]
[Result "1-0"]
[PlyCount "95"]
[EventDate "2002.01.26"]

1. c4 Nf6 2. g3 c5 3. Bg2 e6 4. Nc3 Be7 5. Nf3 d5 6. cxd5 exd5 7. d4 c4 8. O-O
O-O 9. Ne5 Be6 10. Nxc4 dxc4 11. Bxb7 Nbd7 12. d5 Bh3 13. d6 Bxf1 14. dxe7 Qxe7
15. Bxa8 Bxe2 16. Qxe2 Qxe2 17. Nxe2 Rxa8 18. Be3 Nb6 19. Rc1 Rc8 20. Nc3 Ng4
21. Bxb6 axb6 22. Nd5 Rc5 23. Nxb6 Ne5 24. f4 Nf3+ 25. Kg2 Nd4 26. Rxc4 Ne6 27.
Rxc5 Nxc5 28. a4 Kf8 29. a5 Ke8 30. b4 Na6 31. b5 Nc7 32. a6 Nxb5 33. Kf3 Kd8
34. Ke4 Kc7 35. Nd5+ Kc6 36. Ke5 f6+ 37. Nxf6 gxf6+ 38. Kxf6 Kb6 39. Kg7 h5 40.
f5 Kxa6 41. f6 Nc7 42. f7 Ne6+ 43. Kg8 Kb6 44. f8=Q Nxf8 45. Kxf8 Kc6 46. Kg7
Kd6 47. Kg6 h4 48. gxh4 1-0

[Event "C.to Provinciale AN"]
[Site "Castelfidardo ITA"]
[Date "2002.01.27"]
[Round "2"]
[White "Marconi, Andrea"]
[Black "Padovani, Alessio"]
[WhiteElo "1477"]
[BlackElo "1725"]
[Result "0-1"]
[PlyCount "62"]
[EventDate "2002.01.26"]

1. Nf3 Nf6 2. b3 d6 3. Bb2 e5 4. d3 Be7 5. Nbd2 Nc6 6. e3 O-O 7. Be2 Bd7 8. O-O
Qc8 9. a3 Ne8 10. c4 f5 11. b4 Bf6 12. Rc1 e4 13. Bxf6 exf3 14. Bxf3 Nxf6 15.
d4 Qe8 16. Qb3 Ne4 17. Bxe4 fxe4 18. c5+ Kh8 19. d5 Ne5 20. Nxe4 Qg6 21. Ng3 h5
22. h4 Ng4 23. a4 Nxf2 24. Nxh5 Nh3+ 25. Kh2 Qxh5 26. Qd3 Nf2 27. Qc4 Ng4+ 28.
Kg3 Nxe3 29. Rxf8+ Rxf8 30. Qe4 Nf5+ 31. Kh2 Nxh4 0-1

[Event "C.to Provinciale AN"]
[Site "Castelfidardo ITA"]
[Date "2002.01.27"]
[Round "2"]
[White "Marconi, Mauro"]
[Black "Badiali, Giosue'"]
[WhiteElo "1452"]
[BlackElo "1663"]
[Result "1/2-1/2"]
[PlyCount "55"]
[EventDate "2002.01.26"]

1. e4 e5 2. d4 exd4 3. Qxd4 d6 4. Nc3 Nc6 5. Bb5 Bd7 6. Qe3 Nf6 7. Bd2 Be7 8.
O-O-O Ne5 9. Bxd7+ Qxd7 10. f3 Qc6 11. Nge2 Nc4 12. Qd3 Nxd2 13. Qxd2 O-O-O 14.
Nd4 Qb6 15. Nf5 Bf8 16. e5 Ne8 17. Nd5 Qa6 18. Qc3 Kb8 19. Rhe1 c6 20. Nb4 Qb5
21. exd6 Qxf5 22. Nxc6+ bxc6 23. Qxc6 Bxd6 24. Re3 Qf4 25. Rdd3 Bc7 26. Qb5+
Kc8 27. Qa6+ Kb8 28. Qb5+ 1/2-1/2

[Event "C.to Provinciale AN"]
[Site "Castelfidardo ITA"]
[Date "2002.01.27"]
[Round "2"]
[White "Ragnini, Damiano"]
[Black "Bonoli, Luciano"]
[WhiteElo "1600"]
[BlackElo "1702"]
[Result "0-1"]
[PlyCount "88"]
[EventDate "2002.01.26"]

1. e4 d6 2. d4 Nf6 3. Nc3 g6 4. f4 Bg7 5. Nf3 O-O 6. Be3 Ng4 7. Qd2 Nxe3 8.
Qxe3 c6 9. Bd3 Qb6 10. b3 Bg4 11. Na4 Qa5+ 12. c3 b5 13. Nb2 Qxc3+ 14. Qd2
Qxd2+ 15. Nxd2 Bxd4 16. Rb1 Nd7 17. h3 Be6 18. Nf3 Bc3+ 19. Ke2 Nc5 20. Nd1
Nxd3 21. Kxd3 Bg7 22. g4 f5 23. Nf2 fxe4+ 24. Kxe4 Bd5+ 25. Ke3 c5 26. Rhd1
Bxf3 27. Kxf3 Rf7 28. Rd5 Raf8 29. Nd3 c4 30. bxc4 bxc4 31. Ne1 Rxf4+ 32. Kg3
Be5 33. Rxe5 dxe5 34. Rb7 Rf1 35. Nc2 g5 36. Nb4 R8f3+ 37. Kg2 R1f2+ 38. Kg1 c3
39. Nd5 c2 40. Rc7 Rf1+ 41. Kg2 R3f2+ 42. Kg3 Rd2 43. Nxe7+ Kf8 44. Nf5 c1=Q
0-1

[Event "C.to Provinciale AN"]
[Site "Castelfidardo ITA"]
[Date "2002.01.27"]
[Round "3"]
[White "Baleani, Emanuele"]
[Black "Marconi, Andrea"]
[WhiteElo "1569"]
[BlackElo "1477"]
[Result "1-0"]
[PlyCount "77"]
[EventDate "2002.01.26"]

1. e4 c5 2. Nf3 d6 3. d4 cxd4 4. Nxd4 Nf6 5. Nc3 a6 6. Bc4 b5 7. Bb3 Bb7 8. Qe2
Nc6 9. Nxc6 Bxc6 10. O-O e6 11. Bg5 Be7 12. a3 O-O 13. Qe3 Ng4 14. Qg3 Bxg5 15.
Qxg4 Bf6 16. Rad1 Qc7 17. Rd3 Rad8 18. Rh3 Bd7 19. Qh5 h6 20. Rd1 Be5 21. Qg4
Kh7 22. Rhd3 Qc5 23. Qh4 g5 24. Qh5 f5 25. Rh3 Rf6 26. Qxg5 Rg8 27. Qd2 Rfg6
28. Kh1 f4 29. g3 fxg3 30. hxg3 Rf8 31. Kg2 Bxc3 32. bxc3 e5 33. Rh4 Bg4 34.
Rf1 Rf3 35. Rxg4 Rxc3 36. Rxg6 Kxg6 37. Rh1 h5 38. Qe2 Qd4 39. Qxh5+ 1-0

[Event "C.to Provinciale AN"]
[Site "Castelfidardo ITA"]
[Date "2002.01.27"]
[Round "3"]
[White "Bonoli, Luciano"]
[Black "Badiali, Giosue'"]
[WhiteElo "1702"]
[BlackElo "1663"]
[Result "1-0"]
[PlyCount "101"]
[EventDate "2002.01.26"]

1. d4 Nf6 2. Nf3 g6 3. e3 Bg7 4. Bd3 d6 5. O-O O-O 6. c4 Bg4 7. Nc3 Nc6 8. h3
Bd7 9. a3 e5 10. d5 Ne7 11. e4 Nh5 12. Rb1 Qe8 13. Nb5 Qc8 14. Kh2 a6 15. Nc3
Qe8 16. Bd2 f5 17. Ng5 h6 18. Ne6 Bxe6 19. dxe6 c6 20. exf5 gxf5 21. Be2 Nf6
22. Be3 f4 23. Bc1 Rd8 24. Bf3 Ng6 25. Bg4 Nxg4+ 26. Qxg4 Rf6 27. b4 Qxe6 28.
Ne4 Rf5 29. c5 h5 30. Qe2 d5 31. Nd6 Rxd6 32. cxd6 Qxd6 33. Kh1 Nh4 34. f3 Rg5
35. g4 hxg4 36. fxg4 Ng6 37. Bd2 Nf8 38. Rb3 Qg6 39. Be1 Qh6 40. h4 Rg6 41. h5
Rd6 42. Rh3 Ne6 43. Bh4 e4 44. g5 Nxg5 45. Bxg5 Qxg5 46. Rg1 Qh6 47. Qg4 Re6
48. Qf5 e3 49. Rg6 Rxg6 50. Qxg6 Qxg6 51. hxg6 1-0

[Event "C.to Provinciale AN"]
[Site "Castelfidardo ITA"]
[Date "2002.01.27"]
[Round "3"]
[White "Mircoli, Filippo"]
[Black "Morici, Marco"]
[WhiteElo "1555"]
[BlackElo "1612"]
[Result "1-0"]
[PlyCount "117"]
[EventDate "2002.01.26"]

1. e4 e6 2. d4 d5 3. Nc3 Bb4 4. e5 c5 5. a3 Bxc3+ 6. bxc3 Qc7 7. Nf3 Bd7 8. Bd3
Ba4 9. O-O c4 10. Be2 Nc6 11. Ng5 h6 12. Nh3 O-O-O 13. f4 Nge7 14. Rb1 Nf5 15.
Qe1 Qe7 16. Rb2 Rdg8 17. Bg4 g6 18. Nf2 h5 19. Bxf5 gxf5 20. Nh3 Nd8 21. Ng5 f6
22. exf6 Qxf6 23. Rb4 Bd7 24. h4 Nc6 25. Rb1 Rg6 26. a4 Na5 27. Ba3 b6 28. Bd6
Rhg8 29. Be5 Qe7 30. Ra1 Nc6 31. a5 Nxe5 32. Qxe5 Kb7 33. Rfb1 b5 34. Re1 a6
35. Qxd5+ Bc6 36. Qxf5 Qd7 37. Qc5 Qc7 38. Qe5 Bd5 39. Qxc7+ Kxc7 40. g3 R8g7
41. Kf2 Kd6 42. Re5 Rg8 43. Rae1 R8g7 44. R1e3 Rh6 45. Ke2 Rf6 46. Ne4+ Bxe4
47. R5xe4 Rg4 48. Re5 Rh6 49. Kf3 Rgg6 50. Rc5 Kd7 51. Ree5 Rf6 52. Rxh5 Rhg6
53. Rh7+ Kd8 54. Rcc7 Rh6 55. Rhd7+ Ke8 56. Rg7 Kf8 57. Ra7 Rf5 58. Rgb7 Kg8
59. Rxa6 1-0

[Event "C.to Provinciale AN"]
[Site "Castelfidardo ITA"]
[Date "2002.01.27"]
[Round "3"]
[White "Padovani, Alessio"]
[Black "Marconi, Mauro"]
[WhiteElo "1725"]
[BlackElo "1452"]
[Result "1-0"]
[PlyCount "55"]
[EventDate "2002.01.26"]

1. c4 e6 2. g3 Nf6 3. Bg2 c5 4. Nc3 d5 5. cxd5 exd5 6. d4 h6 7. Nf3 Nc6 8. O-O
Be7 9. Be3 O-O 10. dxc5 Ng4 11. Bd4 Nxd4 12. Nxd4 Nf6 13. b4 Bg4 14. Qc2 Qd7
15. Rad1 Be6 16. Rfe1 Rad8 17. e4 dxe4 18. Nxe4 Nxe4 19. Qxe4 Qa4 20. Nxe6 Rxd1
21. Nxf8 Bxf8 22. Rxd1 Qxd1+ 23. Bf1 Qd7 24. a4 b6 25. c6 Qc7 26. Qe8 g6 27.
Bc4 Qe7 28. Qxe7 1-0

[Event "C.to Provinciale AN"]
[Site "Castelfidardo ITA"]
[Date "2002.02.02"]
[Round "4"]
[White "Badiali, Giosue'"]
[Black "Baleani, Emanuele"]
[WhiteElo "1663"]
[BlackElo "1569"]
[Result "1/2-1/2"]
[PlyCount "65"]
[EventDate "2002.01.26"]

1. d4 Nf6 2. c4 b6 3. Nc3 Bb7 4. Bf4 g6 5. Nf3 Bg7 6. Qc2 O-O 7. e4 d6 8. Bd3
Nc6 9. a3 Re8 10. d5 Nb8 11. Qd2 e6 12. O-O exd5 13. exd5 Nbd7 14. Rfe1 Nc5 15.
Bc2 Ba6 16. b4 Ncd7 17. b5 Bb7 18. Rad1 a6 19. a4 axb5 20. axb5 Nc5 21. Bg5 Qd7
22. Bh6 Bxh6 23. Qxh6 Qg4 24. Qh4 Qxh4 25. Nxh4 Rxe1+ 26. Rxe1 Ra3 27. Nb1 Ra2
28. Rc1 Nfd7 29. Nf3 Nf6 30. Nfd2 Kf8 31. Kf1 Bc8 32. Nc3 Ra3 33. Ncb1 1/2-1/2

[Event "C.to Provinciale AN"]
[Site "Castelfidardo ITA"]
[Date "2002.02.02"]
[Round "4"]
[White "Bonoli, Luciano"]
[Black "Padovani, Alessio"]
[WhiteElo "1702"]
[BlackElo "1725"]
[Result "1-0"]
[PlyCount "53"]
[EventDate "2002.01.26"]

1. d4 f5 2. Bg5 g6 3. Nc3 Bg7 4. e4 d6 5. Bc4 Nf6 6. Bxf6 Bxf6 7. Bb3 Nc6 8.
Nge2 Na5 9. Ba4+ Bd7 10. exf5 Bxa4 11. Nxa4 Qd7 12. Nac3 Qxf5 13. O-O O-O 14.
Ng3 Qf4 15. Nd5 Qh4 16. Nxc7 Rac8 17. Ne6 Rf7 18. c3 Nc6 19. Qe2 Nd8 20. Rae1
Nxe6 21. Qxe6 Rc7 22. Ne4 Bg7 23. Re3 Kf8 24. Rh3 Qf4 25. Rf3 Qxf3 26. gxf3
Rxf3 27. Ng5 1-0

[Event "C.to Provinciale AN"]
[Site "Castelfidardo ITA"]
[Date "2002.02.02"]
[Round "4"]
[White "Mircoli, Filippo"]
[Black "Marconi, Andrea"]
[WhiteElo "1555"]
[BlackElo "1477"]
[Result "1-0"]
[PlyCount "67"]
[EventDate "2002.01.26"]

1. e4 d6 2. d4 Nf6 3. Nc3 g6 4. f4 Bg7 5. Nf3 O-O 6. Bd3 a6 7. O-O b5 8. e5
dxe5 9. fxe5 Nd5 10. Nxd5 Qxd5 11. c3 Bb7 12. Bg5 Re8 13. Qd2 c5 14. Rfe1 Qe6
15. Rf1 cxd4 16. cxd4 Rd8 17. Bh6 Bxf3 18. Bxg7 Kxg7 19. Rxf3 Qg4 20. Rf4 Qe6
21. Be4 Ra7 22. Raf1 Rf8 23. Rh4 h5 24. Qg5 Rh8 25. d5 Qb6+ 26. Kh1 Rh6 27.
Rxf7+ Kxf7 28. Qxh6 Kg8 29. e6 Qd4 30. Qxg6+ Qg7 31. Qxh5 Rc7 32. h3 Qf6 33.
Qe8+ Qf8 34. Rg4+ 1-0

[Event "C.to Provinciale AN"]
[Site "Castelfidardo ITA"]
[Date "2002.02.02"]
[Round "4"]
[White "Morici, Marco"]
[Black "Marconi, Mauro"]
[WhiteElo "1612"]
[BlackElo "1452"]
[Result "1-0"]
[PlyCount "35"]
[EventDate "2002.01.26"]

1. c4 Nf6 2. Nc3 e6 3. e4 d5 4. e5 d4 5. exf6 dxc3 6. bxc3 Qxf6 7. d4 e5 8. Nf3
Bg4 9. dxe5 Bxf3 10. exf6 Bxd1 11. Kxd1 gxf6 12. Bf4 Kd7 13. Kc2 Nc6 14. Rd1+
Kc8 15. g3 Ne5 16. Bh3+ Nd7 17. Rxd7 Bg7 18. Rxf7+ 1-0

[Event "C.to Provinciale AN"]
[Site "Castelfidardo ITA"]
[Date "2002.02.03"]
[Round "5"]
[White "Badiali, Giosue'"]
[Black "Morici, Marco"]
[WhiteElo "1663"]
[BlackElo "1612"]
[Result "0-1"]
[PlyCount "64"]
[EventDate "2002.01.26"]

1. d4 e6 2. c4 Nf6 3. a3 b6 4. Nc3 Bb7 5. Bg5 Be7 6. Qc2 O-O 7. e4 d6 8. Bd3
Nbd7 9. Nf3 h6 10. Bh4 c5 11. e5 dxe5 12. dxe5 Nh5 13. Bxe7 Qxe7 14. Ne4 Nf4
15. O-O Ng6 16. Nd6 Bxf3 17. Bxg6 Nxe5 18. Bh7+ Kh8 19. gxf3 Qxd6 20. Be4 Rad8
21. Qc3 Nc6 22. Kh1 Nd4 23. Rg1 f5 24. Bd3 Rd7 25. Rg3 Qc6 26. Bf1 f4 27. Rh3
Rf5 28. Re1 Rg5 29. Bg2 e5 30. Rh4 h5 31. Rh3 Qg6 32. Bf1 Rg1# 0-1

[Event "C.to Provinciale AN"]
[Site "Castelfidardo ITA"]
[Date "2002.02.03"]
[Round "5"]
[White "Baleani, Emanuele"]
[Black "Padovani, Alessio"]
[WhiteElo "1569"]
[BlackElo "1725"]
[Result "1/2-1/2"]
[PlyCount "124"]
[EventDate "2002.01.26"]

1. e4 d6 2. d4 Nd7 3. Nf3 g6 4. Be3 Bg7 5. Bd3 e5 6. O-O Ngf6 7. Nc3 O-O 8. Qd2
Ng4 9. Bg5 Qe8 10. h3 exd4 11. Ne2 Nge5 12. Nfxd4 Nf6 13. f4 Nc6 14. Nxc6 Qxc6
15. Nc3 a6 16. f5 Qc5+ 17. Be3 Qe5 18. fxg6 fxg6 19. Bc4+ Be6 20. Bxe6+ Qxe6
21. Qd3 Rae8 22. Bd4 c6 23. Rae1 Nd7 24. Bxg7 Kxg7 25. Rxf8 Rxf8 26. Rd1 Rf6
27. Qd4 Ne5 28. b3 Nf7 29. Rf1 Qe5 30. Qxe5 Nxe5 31. Rxf6 Kxf6 32. Kf2 h5 33.
Kg3 g5 34. a4 h4+ 35. Kf2 Ng6 36. Ne2 Ke5 37. Ke3 b5 38. a5 b4 39. Nd4 Ne7 40.
Nf3+ Kf6 41. Kd4 c5+ 42. Kc4 Nc6 43. Kd5 Nxa5 44. Kxd6 c4 45. e5+ Kf7 46. Nxg5+
Ke8 47. Kc5 cxb3 48. cxb3 Nxb3+ 49. Kxb4 Nd4 50. Ka5 Nc6+ 51. Kxa6 Nxe5 52. Nf3
Nxf3 53. gxf3 Kf7 54. Kb5 Kf6 55. Kc4 Kf5 56. Kd3 Kf4 57. Ke2 Kg3 58. Ke3 Kxh3
59. Kf2 Kh2 60. f4 h3 61. f5 Kh1 62. Kf1 h2 1/2-1/2

[Event "C.to Provinciale AN"]
[Site "Castelfidardo ITA"]
[Date "2002.02.03"]
[Round "5"]
[White "Marconi, Andrea"]
[Black "Marconi, Mauro"]
[WhiteElo "1477"]
[BlackElo "1452"]
[Result "0-1"]
[PlyCount "160"]
[EventDate "2002.01.26"]

1. Nf3 d5 2. b3 Bg4 3. e3 e6 4. Bb2 Nf6 5. Be2 Bd6 6. O-O O-O 7. d3 Nbd7 8.
Nbd2 c6 9. c4 b5 10. d4 bxc4 11. bxc4 c5 12. dxc5 Bxc5 13. Nb3 Be7 14. cxd5
exd5 15. Nfd4 Bxe2 16. Qxe2 Rc8 17. Qa6 Qb6 18. Qxb6 axb6 19. Nf5 Bc5 20. Nxc5
bxc5 21. Ne7+ Kh8 22. Nxc8 Rxc8 23. Rac1 Ne4 24. Rfd1 Nb6 25. f3 Ng5 26. Bc3
Ra8 27. Be1 Ne6 28. Rc2 f5 29. Kf2 Kg8 30. Ke2 f4 31. Bf2 fxe3 32. Bxe3 d4 33.
Bc1 Rc8 34. f4 c4 35. Kf1 g6 36. Re2 Kf7 37. g4 d3 38. Rb2 Rc6 39. Be3 Nd5 40.
Bd2 c3 41. Rb7+ Kf6 42. Bxc3+ Rxc3 43. g5+ Kf5 44. Rb5 Nexf4 45. a4 Kg4 46. Rd2
Ne3+ 47. Kf2 Nc4 48. Rd1 Rc2+ 49. Kg1 Ne2+ 50. Kh1 d2 51. Rb4 Kxg5 52. Rxc4
Rxc4 53. Rxd2 Nf4 54. Kg1 Rxa4 55. Kf2 Ra3 56. Rd4 h5 57. h4+ Kg4 58. Rb4 Rh3
59. Ra4 Rf3+ 60. Ke1 Kxh4 61. Kd1 Kg4 62. Ke1 Kg5 63. Kd1 Kg4 64. Ke1 h4 65.
Ra2 h3 66. Rb2 Ng2+ 67. Ke2 h2 68. Rb1 Nf4+ 69. Kd2 Nh5 70. Rh1 Kh3 71. Kc2 Ng3
72. Rxh2+ Kxh2 73. Kd2 Ne4+ 74. Ke2 Kg2 75. Kd1 Rf2 76. Ke1 Kf3 77. Kd1 g5 78.
Kc1 g4 79. Kd1 g3 80. Kc1 g2 0-1

[Event "C.to Provinciale AN"]
[Site "Castelfidardo ITA"]
[Date "2002.02.03"]
[Round "5"]
[White "Mircoli, Filippo"]
[Black "Bonoli, Luciano"]
[WhiteElo "1555"]
[BlackElo "1702"]
[Result "1/2-1/2"]
[PlyCount "31"]
[EventDate "2002.01.26"]

1. e4 g6 2. d4 Bg7 3. f4 b6 4. Nf3 Bb7 5. Bd3 d6 6. O-O Nc6 7. c3 e5 8. d5 Nce7
9. Ng5 h6 10. Nf3 exf4 11. Bxf4 g5 12. Be3 Bc8 13. Nd4 Bd7 14. Nd2 g4 15. Bb5
Bxb5 16. Nxb5 1/2-1/2

[Event "C.to Provinciale AN"]
[Site "Castelfidardo ITA"]
[Date "2002.02.03"]
[Round "6"]
[White "Baleani, Emanuele"]
[Black "Mircoli, Filippo"]
[WhiteElo "1569"]
[BlackElo "1555"]
[Result "0-1"]
[PlyCount "56"]
[EventDate "2002.01.26"]

1. e4 e5 2. Nf3 Nc6 3. Bc4 Nf6 4. Ng5 d5 5. exd5 Na5 6. Bb5+ c6 7. dxc6 bxc6 8.
Qf3 Rb8 9. Bd3 Bb7 10. O-O Be7 11. Re1 c5 12. Qf5 Nc6 13. Bb5 O-O 14. Bxc6 Bxc6
15. Qxe5 Bd6 16. Qf5 Bd7 17. Qf3 Bxh2+ 18. Kh1 Ng4 19. d3 h6 20. Ne4 Qh4 21.
Be3 Bf4+ 22. Kg1 Bxe3 23. Rxe3 Qh2+ 24. Kf1 Qh1+ 25. Ke2 Nxe3 26. fxe3 Rxb2 27.
Ned2 Rxc2 28. Na3 Rxd2+ 0-1

[Event "C.to Provinciale AN"]
[Site "Castelfidardo ITA"]
[Date "2002.02.03"]
[Round "6"]
[White "Marconi, Andrea"]
[Black "Badiali, Giosue'"]
[WhiteElo "1477"]
[BlackElo "1663"]
[Result "0-1"]
[PlyCount "126"]
[EventDate "2002.01.26"]

1. Nf3 Nf6 2. b3 g6 3. Bb2 Bg7 4. e3 Nc6 5. Be2 b6 6. O-O Bb7 7. d4 e6 8. Nbd2
d5 9. Ba3 Nd7 10. Rc1 Ne7 11. c4 O-O 12. c5 c6 13. b4 b5 14. h3 a5 15. Qc2 axb4
16. Bxb4 Ra4 17. a3 Qc7 18. Bd1 Ra7 19. Nh2 Rfa8 20. Nb1 e5 21. Nf3 e4 22. Nh2
f5 23. f3 Qg3 24. Qf2 Qxf2+ 25. Rxf2 Nf6 26. f4 h5 27. g4 hxg4 28. hxg4 Kf7 29.
g5 Nd7 30. Rcc2 Nb8 31. Nf1 Na6 32. Bc3 Rh8 33. Rh2 Raa8 34. Be1 Nc7 35. Rxh8
Rxh8 36. Rh2 Rxh2 37. Kxh2 Ne6 38. Nbd2 Ke8 39. Nb3 Ba6 40. Nfd2 Kd7 41. Na5
Nxd4 42. exd4 Bxd4 43. Ndb3 Bb2 44. Bb4 d4 45. Kg3 Nd5 46. Nd2 e3 47. Nf3 d3
48. Ne5+ Bxe5 49. fxe5 e2 50. Bxe2 dxe2 51. Kf2 Ne7 52. Kxe2 Ke6 53. Kf3 Bc8
54. Bc3 Bd7 55. Nb7 Nd5 56. Bb2 Nc7 57. Bc3 Kd5 58. Bb4 Kxe5 59. Nd6 Ne6 60.
Nf7+ Kd4 61. Nh8 Nxg5+ 62. Kf4 Ne6+ 63. Kf3 Be8 0-1

[Event "C.to Provinciale AN"]
[Site "Castelfidardo ITA"]
[Date "2002.02.03"]
[Round "6"]
[White "Marconi, Mauro"]
[Black "Bonoli, Luciano"]
[WhiteElo "1452"]
[BlackElo "1702"]
[Result "1/2-1/2"]
[PlyCount "35"]
[EventDate "2002.01.26"]

1. e4 d6 2. d4 Nf6 3. Nc3 g6 4. f3 Bg7 5. Be3 c6 6. Qd2 h6 7. Bd3 Nbd7 8. Nge2
Qa5 9. a3 Rb8 10. b4 Qc7 11. Na4 a6 12. c4 c5 13. O-O cxd4 14. Bxd4 O-O 15.
Rfc1 b6 16. Nf4 Bb7 17. Nd5 Bxd5 18. cxd5 1/2-1/2

[Event "C.to Provinciale AN"]
[Site "Castelfidardo ITA"]
[Date "2002.02.03"]
[Round "6"]
[White "Padovani, Alessio"]
[Black "Morici, Marco"]
[WhiteElo "1725"]
[BlackElo "1612"]
[Result "0-1"]
[PlyCount "96"]
[EventDate "2002.01.26"]

1. c4 b6 2. Nc3 Bb7 3. d3 Nf6 4. e4 Nc6 5. g3 e5 6. Bg2 Bb4 7. Nge2 Nd4 8. O-O
O-O 9. a3 Be7 10. Nxd4 exd4 11. Ne2 c5 12. e5 Bxg2 13. exf6 Bxf1 14. fxe7 Qxe7
15. Qxf1 d5 16. b3 dxc4 17. bxc4 g5 18. Bd2 h6 19. Kg2 Rfe8 20. Re1 Qb7+ 21. f3
Re6 22. Ng1 Rae8 23. Rxe6 Rxe6 24. Kf2 Qa6 25. Bc1 Qa4 26. Kg2 Qc2+ 27. Kh1 Qc3
28. Bxg5 hxg5 29. f4 Re1 30. Qf2 Qc1 31. fxg5 Qe3 32. Qg2 Qxd3 33. g6 Qe4 34.
gxf7+ Kxf7 35. Qxe4 Rxe4 36. Kg2 d3 37. Nf3 Kf6 38. Kf2 Rxc4 39. Ke3 Rc3 40.
Kd2 Rxa3 41. h4 c4 42. Ng5 Ra2+ 43. Kd1 Kf5 44. Nf3 c3 45. Ke1 Re2+ 46. Kd1 Kf6
47. Nd4 Rg2 48. Ke1 d2+ 0-1